000
00307nam a22001337a 4500
008
260326b ||||| |||| 00| 0 eng d
020
_a
8886811462
041
_a
eng -Shqip
080
_a
698.83
100
_a
25
101
_a
Ngjarje
245
_a
Selia e Shenjtë dhe Kriza në Kosovë
942
_2
udc
_c
BK
999
_c
60940
_d
60940